00477nam a2200133Ia 4500008004100000100001700041245003500058260006900093300001100162650001000173856006800183999001900251952007300270160712s9999 xx 000 0 und d aLa Verne, C. cC. La VerneaVoice. Gaze. Body c2015bLikhaan: The Journal of Contemporary Philippine Literature avol. 9 xESSAY uhttp://journals.upd.edu.ph/index.php/lik/issue/view/539/showToc c297009d297009 001040aCLbCLd2016-07-12l0r2016-07-12 00:00:00w2016-07-12yFEJ